Medical Vocabulary #12 - Statistics

General Stats
  • This quiz has been taken 340 times
  • The average score is 19 of 25
Answer Stats
Hint Answer % Correct
In place. in situ
89%
A health professional who assesses hearing and fits hearing aids. audiologist
88%
A specialist who deals with the urinary tract and male reproductive system. urologist
88%
Pertaining to something that is poisonous. toxic
87%
A thick, yellow-green fluid produced by the liver that aids in digestion. bile
86%
One of the cylindrical bones that form the spine. vertebra
85%
The region in the back of the brain responsible for visual processing. occipital lobe
84%
The process by which a normal cell becomes cancerous. carcinogenesis
83%
A chemical messenger released by nerve cells that sends messages to nearby other nerve cells. neurotransmitter
83%
A ranking of foods according to how quickly and how much they raise blood sugar. glycemic index
82%
Tiny air sacs in the lung, where oxygen enters and carbon dioxide leaves the bloodstream. alveoli
80%
The process where a liquid, such as blood, comes together to form a soft, semi-solid mass, like a clot. coagulation
78%
Part of the brain that plays a role in determining consequences and choosing behaviors. frontal lobe
77%
A device to assess lung function, often used to diagnose and monitor asthma. peak flow meter
76%
A cosmetic procedure in which tiny crystals under high pressure are sprayed on the face. This buffs away the outer layer of skin, eliminates fine lines, and improves the look of the skin. microdermabrasion
73%
Continually present among people in a geographic region. endemic
72%
A response to danger or stress characterized by apathy, lethargy, and depression; or the physical or psychological response to a sudden lack of an addictive substance such as alcohol or nicotine. withdrawal
72%
Blood in the urine. hematuria
71%
A wall or other structure that divides one cavity from another. For example, in the heart, such a wall separates the right side of the heart from the left side. septum
70%
The process by which bacteria destroy tooth enamel. demineralization
68%
A condition in which the blood vessels in the fingers and other extremities narrow in response to cold or stress, causing them to turn white or blue. Raynaud’s syndrome
64%
Pain or discomfort in the upper abdomen; upset stomach or indigestion. dyspepsia
62%
An unusual sound, heard through a stethoscope, that blood makes when it rushes past an obstruction, like a blockage in an artery. bruit
48%
Scaly pink or red-brown raised spots or patches on the skin caused by overexposure to the sun, and a possible precursor to skin cancer. actinic keratosis
46%
Any chemical that causes the airway to swell when an allergic reaction occurs or in diseases like asthma. leukotriene
39%
No matching quizzes found
Score Distribution
Percent of People with Each Score
Percentile by Number Answered
Your Score History
You have not taken this quiz